Nhận diện nền kinh tế mới toàn cầu hóa

Gespeichert in:
Bibliographische Detailangaben
1. Verfasser: TRẦN QUỐC HÙNG
Format: Buch
Sprache:Undetermined
Veröffentlicht: Tp. HCM Trẻ 2002
Schlagworte:
Tags: Tag hinzufügen
Keine Tags, Fügen Sie den ersten Tag hinzu!
Thư viện lưu trữ: Trung tâm Học liệu Trường Đại học Cần Thơ
LEADER 00534nam a2200169Ia 4500
001 CTU_48385
008 210402s9999 xx 000 0 und d
082 |a 382.92 
082 |b H513 
100 |a TRẦN QUỐC HÙNG 
245 0 |a Nhận diện nền kinh tế mới toàn cầu hóa 
245 0 |c TRẦN QUỐC HÙNG, Đỗ Tuyết Khanh 
260 |a Tp. HCM 
260 |b Trẻ 
260 |c 2002 
650 |a international economic relations 
980 |a Trung tâm Học liệu Trường Đại học Cần Thơ